Normal view
MARC view
Entry Personal Name
001 - CONTROL NUMBER
- control field: 50964
003 - CONTROL NUMBER IDENTIFIER
- control field: ARRUPE
005 - DATE AND TIME OF LATEST TRANSACTION
- control field: 20211104092401.0
008 - FIXED-LENGTH DATA ELEMENTS
- fixed length control field: 211104|| aca||aabn | a|a d
040 ## - CATALOGING SOURCE
- Original cataloging agency: ARRUPE
- Transcribing agency: ARRUPE
100 ## - HEADING--PERSONAL NAME
- Personal name: Nuttall, Robin
670 ## - SOURCE DATA FOUND
- Source citation: Work cat.: (ARRUPE)0: Browne, John, 1948- author. 50963, Connect :, 2016